MARC details
| 000 -CABECERA |
| campo de control de longitud fija |
02401nam a2200253 a 4500 |
| 005 - FECHA Y HORA DE LA ÚLTIMA TRANSACCIÓN |
| campo de control |
20260413160849.0 |
| 007 - CAMPO FIJO DE DESCRIPCIÓN FÍSICA--INFORMACIÓN GENERAL |
| campo de control de longitud fija |
cr |||aaaaaaa| |
| 008 - ELEMENTOS DE LONGITUD FIJA--INFORMACIÓN GENERAL |
| campo de control de longitud fija |
260413s2023 ck| ||||o ||| 000 0 spa d |
| 020 ## - NÚMERO INTERNACIONAL NORMALIZADO PARA LIBROS |
| Número Internacional Estándar del Libro |
9786287651036 |
| 040 ## - FUENTE DE LA CATALOGACIÓN |
| Centro catalogador/agencia de origen |
MX-MxUPN |
| Lengua de catalogación |
spa |
| Normas de descripción |
aacr2 |
| 041 0# - CÓDIGO DE IDIOMA |
| Código de lengua del texto/banda sonora o título independiente |
spa |
| 245 10 - MENCIÓN DE TÍTULO |
| Título |
Patočka lector de Comenio : |
| Resto del título |
de la filosofía de la educación |
| Medio |
[recurso electrónico en línea] |
| 250 ## - MENCIÓN DE EDICIÓN |
| Mención de edición |
Primera edición |
| 260 ## - PUBLICACIÓN, DISTRIBUCIÓN, ETC. |
| Lugar de publicación, distribución, etc. |
Bogota, Colombia : |
| Nombre del editor, distribuidor, etc. |
Universidad Pedagógica Nacional, Embajada de la República Checa en Bogotá, |
| Fecha de publicación, distribución, etc. |
2023 |
| 300 ## - DESCRIPCIÓN FÍSICA |
| Extensión |
1 recurso en línea (184 páginas) : |
| Otras características físicas |
PDF |
| 490 0# - MENCIÓN DE SERIE |
| Mención de serie |
Colección Filosofía y enseñanza de la filosofía |
| 505 ## - NOTA DE CONTENIDO CON FORMATO PREESTABLECIDO |
| Título |
El espíritu y las dos capas básicas de la intencionalidad / |
| Mención de responsabilidad |
Jan Patočka.-- |
| Título |
Josef Čapek: El peregrino cojo / |
| Mención de responsabilidad |
Jan Patočka.-- |
| Título |
Comenio y el alma abierta (En el tricentenario de la muerte de Comenio) / |
| Mención de responsabilidad |
Jan Patočka.-- |
| Título |
Los inicios de la psicología sistemática / |
| Mención de responsabilidad |
Jan Patočka.-- |
| Título |
Declaración-Carta 77 Sobre el tema. Plastic People of the Universe y DG 307 / |
| Mención de responsabilidad |
Jan Patočka.-- |
| Título |
¿Qué es y qué no es la Carta 77?. Por qué la ley está de su lado y ninguna calumnia o medida violenta la sacudirá / |
| Mención de responsabilidad |
Jan Patočka.-- |
| Título |
¿Por qué no se debe publicar la Carta 77? Cuáles son los medios lógicos para la falsedad y el encubrimiento de ella? / |
| Mención de responsabilidad |
Jan Patočka.-- |
| Título |
¿Qué podemos esperar de Carta 77? / |
| Mención de responsabilidad |
Jan Patočka.-- |
| Título |
Sobre la declaración de la Fiscalía General de la República Checoslovaca del 1 de febrero de 1977 / |
| Mención de responsabilidad |
Jan Patočka.-- |
| Título |
Patočka y su mundo de la vida / |
| Mención de responsabilidad |
Eliška Krausová.-- |
| Título |
La estructura de los Escritos Completos de Jan Patočka como problema de interpretación / |
| Mención de responsabilidad |
Ivan Chvatík, Pavel Kouba y Miroslav Petříček Jr..-- |
| Título |
En nombre del autor: la unidad artificial de las obras dispersas de Jan Patočka / |
| Mención de responsabilidad |
Ondřej Švec.-- |
| Título |
La experiencia del laberinto en el contexto de las reflexiones sobre la existencia auténtica e inauténtica / |
| Mención de responsabilidad |
Věra Schifferová.-- |
| Título |
El maestro oculto: sobre el impacto de Patočka en la filosofía checa de hoy / |
| Mención de responsabilidad |
Jan Frei.-- |
| Título |
Jan Patočka como filósofo comprometido públicamente: polis y filosofía / |
| Mención de responsabilidad |
Tomáš Hejduk. |
| 506 0# - NOTA DE RESTRICCIONES AL ACCESO |
| Limitaciones de acceso |
Acceso abierto |
| 700 1# - ASIENTO SECUNDARIO--NOMBRE DE PERSONAL |
| Nombre de persona |
Krausová, Eliška |
| 9 (RLIN) |
59254 |
| Término indicativo de función/relación |
Edición |
| 700 1# - ASIENTO SECUNDARIO--NOMBRE DE PERSONAL |
| Nombre de persona |
Vargas Guillén, Germán |
| 9 (RLIN) |
58888 |
| Término indicativo de función/relación |
Edición |
| 856 40 - LOCALIZACIÓN Y ACCESO ELECTRÓNICOS |
| Identificador Uniforme del Recurso |
<a href="http://hdl.handle.net/20.500.12209/19028">http://hdl.handle.net/20.500.12209/19028</a> |
| 902 ## - ELEMENTOS DE DATOS B LOCAL, LDB (RLIN) |
| Creó |
JohanaAllegre/130426 |
| 942 ## - ELEMENTOS DE PUNTO DE ACCESO ADICIONAL (KOHA) |
| Fuente del sistema de clasificación o colocación |
Library of Congress Classification |
| Tipo de ítem Koha |
Libro Electrónico |